| 000 | 00916cac a2200325 i 4500 | ||
|---|---|---|---|
| 003 | EG-GICUC | ||
| 005 | 20260121101508.0 | ||
| 008 | 980403s1999 enk fr 001 0 eng d | ||
| 020 | _a0421653000 | ||
| 020 | _a9780421653009 | ||
| 040 |
_aEG-GICUC _cEG-GICUC _dEG-GICUC _beng _erda |
||
| 043 | _ae-uk--- | ||
| 082 | 0 | 4 |
_221 _a343.1 |
| 092 | 0 | 4 | _221 |
| 099 | _aLaw 10 1999 | ||
| 100 | 1 | _aChilds, Penny. | |
| 245 | 1 | 0 |
_aCriminal law / _cby Penny Childs. |
| 250 | _a2nd edition. | ||
| 264 |
_aLondon : _bSweet & Maxwell, _c1996. |
||
| 300 |
_axiv, 163 page ; _c22 cm. |
||
| 336 |
_atext _btxt _2rdacontent |
||
| 337 |
_aunmediated _bn _2rdamedia |
||
| 338 |
_avolume _bnc _2rdacarrier |
||
| 440 | 0 | _aNutcases | |
| 500 | _aIncludes index. | ||
| 650 | 0 |
_aCriminal law _zGreat Britain _xDigests. |
|
| 856 | 4 | 0 | _uhttps://fll.law.cu.edu.eg/fulltext/bks/ENGB10-00047.pdf |
| 905 | _a10 | ||
| 942 |
_2ddc _cBK _e21 _n0 |
||
| 999 |
_c50764 _d50764 |
||